MARC details
| 000 -LEADER |
| fixed length control field |
01981cas a2200517 i 4500 |
| 001 - CONTROL NUMBER |
| control field |
200446025 |
| 003 - CONTROL NUMBER IDENTIFIER |
| control field |
TR-AnTOB |
| 005 - DATE AND TIME OF LATEST TRANSACTION |
| control field |
20251230095705.0 |
| 007 - PHYSICAL DESCRIPTION FIXED FIELD--GENERAL INFORMATION |
| fixed length control field |
ta |
| 008 - FIXED-LENGTH DATA ELEMENTS--GENERAL INFORMATION |
| fixed length control field |
040625c20019999sz gr i0 a0eng c |
| 010 ## - LIBRARY OF CONGRESS CONTROL NUMBER |
| LC control number |
2005204828 |
| 015 ## - NATIONAL BIBLIOGRAPHY NUMBER |
| National bibliography number |
023603143 |
| Source |
dnb |
| 016 7# - NATIONAL BIBLIOGRAPHIC AGENCY CONTROL NUMBER |
| Record control number |
2081762-9 |
| Source |
DE-600 |
|
| Record control number |
023603143 |
| Source |
DE-101 |
|
| Record control number |
016607332 |
|
| Record control number |
016607332 |
| Source |
Uk |
| 020 ## - INTERNATIONAL STANDARD BOOK NUMBER |
| International Standard Book Number |
9221124177 (2000-01) |
|
| International Standard Book Number |
9221130312 (2002-03) |
| 035 ## - SYSTEM CONTROL NUMBER |
| System control number |
(OCoLC)ocm55742568 |
|
| System control number |
(TR-AnTOB)200446025 |
| 040 ## - CATALOGING SOURCE |
| Original cataloging agency |
SYB |
| Language of cataloging |
eng |
| Description conventions |
rda |
| Transcribing agency |
SYB |
| Modifying agency |
HVL |
| -- |
OCLCQ |
| -- |
OCL |
| -- |
DLC |
| -- |
GBVCP |
| -- |
OCLCQ |
| -- |
OCLCA |
| -- |
OCLCF |
| -- |
UKMGB |
| -- |
TR-AnTOB |
| 041 0# - LANGUAGE CODE |
| Language code of text/sound track or separate title |
İngilizce |
| 050 00 - LIBRARY OF CONGRESS CALL NUMBER |
| Classification number |
HD7801 |
| Item number |
.I73d |
| 099 ## - LOCAL FREE-TEXT CALL NUMBER (OCLC) |
| Classification number |
341.763 ILO 2004 |
| 110 2# - MAIN ENTRY--CORPORATE NAME |
| Corporate name or jurisdiction name as entry element |
International Labour Office |
| 9 (RLIN) |
27101 |
| 245 10 - TITLE STATEMENT |
| Title |
ILO programme implementation : |
| Remainder of title |
report of the director-general / |
| Statement of responsibility, etc. |
International Labour Office. |
| 246 3# - VARYING FORM OF TITLE |
| Title proper/short title |
International Labour Office programme implementation |
|
| Title proper/short title |
Report of the director-general |
| 264 #1 - PRODUCTION, PUBLICATION, DISTRIBUTION, MANUFACTURE, AND COPYRIGHT NOTICE |
| Place of production, publication, distribution, manufacture |
Geneva : |
| Name of producer, publisher, distributor, manufacturer |
International Labour Office, |
| Date of production, publication, distribution, manufacture, or copyright notice |
2002- |
| 300 ## - PHYSICAL DESCRIPTION |
| Extent |
volumes ; |
| Dimensions |
30 cm |
| 310 ## - CURRENT PUBLICATION FREQUENCY |
| Current publication frequency |
Biennial |
| 336 ## - CONTENT TYPE |
| Content type term |
text |
| Content type code |
txt |
| Source |
rdacontent |
| 337 ## - MEDIA TYPE |
| Media type term |
unmediated |
| Media type code |
n |
| Source |
rdamedia |
| 338 ## - CARRIER TYPE |
| Carrier type term |
volume |
| Carrier type code |
nc |
| Source |
rdacarrier |
| 362 0# - DATES OF PUBLICATION AND/OR SEQUENTIAL DESIGNATION |
| Dates of publication and/or sequential designation |
2000/2001- |
| 500 ## - GENERAL NOTE |
| General note |
Part of the report of the director-general to the International Labour Conference. |
| 588 ## - SOURCE OF DESCRIPTION NOTE |
| Source of description note |
Latest issue consulted: 2002/03. |
| 610 20 - SUBJECT ADDED ENTRY--CORPORATE NAME |
| Corporate name or jurisdiction name as entry element |
International Labour Office |
| Form subdivision |
Periodicals |
| 9 (RLIN) |
32972 |
| 655 #7 - INDEX TERM--GENRE/FORM |
| Genre/form data or focus term |
Periodicals |
| Source of term |
lcgft |
| Authority record control number |
(OCoLC)fst01411641 |
| 9 (RLIN) |
119590 |
| 711 2# - ADDED ENTRY--MEETING NAME |
| Meeting name or jurisdiction name as entry element |
International Labour Conference |
| 9 (RLIN) |
34183 |
| 776 08 - ADDITIONAL PHYSICAL FORM ENTRY |
| Relationship information |
Online version: |
| Main entry heading |
International Labour Office. |
| Title |
ILO programme implementation |
| Record control number |
(OCoLC)936343229 |
| 780 00 - PRECEDING ENTRY |
| Main entry heading |
International Labour Office. |
| Title |
Activities of the ILO |
| Record control number |
(DLC) 97650627 |
| -- |
(OCoLC)6873797 |
| 787 1# - OTHER RELATIONSHIP ENTRY |
| Main entry heading |
International Labour Office. Director-General. |
| Title |
Report of the director-general |
| Record control number |
(DLC)l 23000054 |
| -- |
(OCoLC)1623768 |
| 942 ## - ADDED ENTRY ELEMENTS (KOHA) |
| Source of classification or shelving scheme |
Library of Congress Classification |
| Koha item type |
Book |